| 000 | 00372nam a2200145Ia 4500 | ||
|---|---|---|---|
| 008 | 150201s2001 xx 000 0 und d | ||
| 082 |
_a617.64 _bO2001G |
||
| 100 | _aGRABER | ||
| 245 | _aORTHODONTICS PRINCIPLES AND PRACTICE | ||
| 250 | _a3RD | ||
| 260 |
_bALL INDIA TRAVELLER BOOK SELLER _aDELHI _c2001 |
||
| 300 | _a1-953 | ||
| 650 | _aORTHODONTICS | ||
| 942 |
_2ddc _cBK _03 |
||
| 999 |
_c2708 _d2708 |
||